[Event "POL-chT U19 1st League"]
[Site "Karpacz"]
[Date "2013.07.30"]
[Round "9"]
[White "Wacior, Maciej"]
[Black "Ryk, Mikolaj"]
[Result "1-0"]
[WhiteElo "1758"]
[BlackElo "1516"]
[PlyCount "53"]
[EventDate "2013.07.22"]
[EventType "team-tourn"]
[EventRounds "9"]
[EventCountry "POL"]
[SourceTitle "EXT 2014"]
[Source "ChessBase"]
[SourceDate "2013.11.20"]
[SourceVersion "1"]
[SourceVersionDate "2013.11.20"]
[SourceQuality "1"]
[WhiteTeam "Grzybowo GKSz Solny U19"]
[BlackTeam "Wieliczka MKS MOS U19"]
[WhiteTeamCountry "POL"]
[BlackTeamCountry "POL"]

1. d4 f5 2. Bf4 e6 3. Nf3 Nf6 4. e3 Be7 5. c4 0-0 6. Nc3 d5 7. Bd3 c6 8. 0-0 Ne4 9. h3 g5 10. Bh2 Nd7 11. Rc1 b6 12. cxd5 exd5 13. Qb3 Kg7 14. Nxd5 cxd5 15. Qxd5 Ndc5 16. Qxa8 Nxd3 17. Rc7 Kg8 18. Qxa7 Re8 19. Ne5 Nxe5 20. Bxe5 Nd6 21. Qxb6 Nc4 22. Qb3 Be6 23. Rxc4 Bxc4 24. Qxc4+ Kf8 25. Qe6 Bf6 26. Qxf6+ Qxf6 27. Bxf6 1-0